| 000 | 00685nam a22002417a 4500 | ||
|---|---|---|---|
| 005 | 20240716094739.0 | ||
| 008 | 210113b1993 cr ||||| |||| 00| 0 spa d | ||
| 020 | _a9977660581 | ||
| 041 | _aESP | ||
| 082 | _a582.16 R658a | ||
| 100 |
_aRojas Rodríguez, Freddy Eduardo _959456 |
||
| 245 | _aArboles nacionales de América Latina y el Caribe = National trees of Latin American and the Caribbean | ||
| 260 | _aCosta Rica | ||
| 260 | _bEditorial Tecnológica de Costa Rica | ||
| 260 | _c1993 | ||
| 300 | _a98 páginas | ||
| 505 | _aIncluye fotografías | ||
| 650 | _aÁRBOLES | ||
| 650 | _aÁRBOLES NACIONALES | ||
| 650 | _aCOSTA RICA | ||
| 942 |
_cBK _2ddc |
||
| 999 |
_c12866 _d12866 |
||